Loading...
| Any History | 11 | 11.82 | 100% | 18% | 0% |
| Current Events | 3 | 20.00 | 100% | 100% | 0% |
| Fine Arts - Classical Music | 10 | 22.00 | 100% | 90% | 30% |
| Fine Arts - Other | 8 | 15.00 | 100% | 50% | 0% |
| Geography | 5 | 18.00 | 100% | 60% | 20% |
| History - American | 6 | 13.33 | 100% | 17% | 17% |
| History - European | 8 | 15.00 | 100% | 38% | 13% |
| History - World | 7 | 14.29 | 100% | 43% | 0% |
| Literature - American | 9 | 13.33 | 89% | 44% | 0% |
| Literature - British | 11 | 19.09 | 100% | 73% | 18% |
| Literature - European | 10 | 19.00 | 100% | 70% | 20% |
| Literature - World | 8 | 18.75 | 100% | 88% | 0% |
| Mythology | 7 | 14.29 | 100% | 29% | 14% |
| Other Academic | 6 | 18.33 | 100% | 67% | 17% |
| Painting & Sculpture | 6 | 13.33 | 100% | 17% | 17% |
| Philosophy | 6 | 13.33 | 100% | 17% | 17% |
| Religion | 10 | 12.00 | 100% | 10% | 10% |
| Science - Biology | 11 | 11.82 | 91% | 27% | 0% |
| Science - Chemistry | 9 | 13.33 | 89% | 33% | 11% |
| Science - Other | 6 | 15.00 | 83% | 50% | 17% |
| Science - Physics | 10 | 15.00 | 100% | 40% | 10% |
| Social Science | 8 | 13.75 | 100% | 38% | 0% |